[Event "34. Copenhagen Open (Politiken Cup)"]
[Site "Elsinore"]
[Date "2012.08.05"]
[Round "10"]
[White "Zude, Erik"]
[Black "Schou Moldt, Thomas"]
[Result "1-0"]
[WhiteElo "2384"]
[BlackElo "2222"]
[PlyCount "71"]
[EventDate "2012.07.28"]
[EventType "swiss"]
[EventRounds "10"]
[EventCountry "DEN"]
[Source "ChessBase"]
[SourceDate "2012.08.24"]

1. e4 g6 2. d4 d6 3. c4 Nf6 4. Bd3 Nbd7 5. Ne2 c5 6. Nbc3 Bg7 7. f3 a6 8. Be3
h5 9. Qd2 Rb8 10. O-O h4 11. Rad1 Nh5 12. f4 cxd4 13. Nxd4 Nxf4 14. Rxf4 e5 15.
Rff1 exd4 16. Qf2 O-O 17. Bxd4 Ne5 18. Be2 h3 19. g3 b5 20. c5 f5 21. Qe3 b4
22. Nd5 fxe4 23. Bxe5 Rxf1+ 24. Bxf1 dxe5 25. c6 Qf8 26. Bc4 Kh7 27. Rf1 Bf5
28. g4 Bh6 29. Qa7+ Kh8 30. Ne7 Qe8 31. gxf5 Ra8 32. Qc7 gxf5 33. Qxe5+ Bg7 34.
Qe6 Ra7 35. Ng6+ Kh7 36. Qxe8 1-0